000 00539nam a2200193Ia 4500
005 20250326142052.0
008 250326s9999 xx 000 0 und d
020 _a0-86003-062-8
037 _aTextbook
040 _aFMSL
_beng
_cFMSL
041 _aeng
_2eng
084 _aX:89ZB:(F) M6
_qFMSL
100 _aHall P
_9745515
245 0 _aTechnology Innovation & Economic policy
_cHall P
260 _aNew Delhi
_bNew Delhi, Heirtage
_c1986
300 _a256p
942 _cTB
_hX:89ZB:(F) M6
999 _c1293291
_d1293291